书目信息 |
| 题名: |
数据库技术及应用
|
|
| 作者: | 唐好魁 主编 | |
| 分册: | ||
| 出版信息: | 北京 电子工业出版社 2016 |
|
| 页数: | 244页 | |
| 开本: | 26cm | |
| 丛书名: | ||
| 单 册: | ||
| 中图分类: | TP311.13 , TP311.138 | |
| 科图分类: | ||
| 主题词: | 数据库系统--教材--高等教育 | |
| 电子资源: | ||
| ISBN: | 978-7-121-25701-8 | |
| 000 | 01085nam0 2200253 450 | |
| 001 | 2342 | |
| 005 | 20161205104041.25 | |
| 010 | @a978-7-121-25701-8@dCNY39.90 | |
| 100 | @a20160218d2016 em y0chiy50 ea | |
| 101 | 0 | @achi |
| 102 | @aCN@b110000 | |
| 105 | @ay z 000yy | |
| 200 | 1 | @a数据库技术及应用@9shu ju ku ji shu ji ying yong@f唐好魁主编 |
| 205 | @a3版 | |
| 210 | @a北京@c电子工业出版社@d2016 | |
| 215 | @a244页@d26cm | |
| 300 | @a普通高等教育“十一五”国家级规划教材 研究型教学模式系列教材 | |
| 330 | @a本书是普通高等教育“十一五”国家级规划教材,分为理论和实验两部分。理论部分共7章:数据库技术的基础理论和基本概念、数据库设计的方法和步骤、MicrosoftSQLServer2008数据库管理系统的安装及使用、SQL语言、数据库安全性和完整性知识、数据库新技术和国产数据库介绍。实验部分共设计了9个实验。附录为读者进行管理信息系统的开发提供了备查资料。 | |
| 606 | 0 | @a数据库系统@j教材@x高等教育 |
| 690 | @aTP311.13@v5 | |
| 690 | @aTP311.138@v4 | |
| 701 | 0 | @a唐好魁@9tang hao kui@c(计算机)@4主编 |
| 801 | 0 | @aCN@b大连网信软件有限公司图书馆·11@c20161205 |
| 905 | @aZUCC@dTP311.13@e1018=3 | |
| 数据库技术及应用/唐好魁主编.-3版.-北京:电子工业出版社,2016 |
| 244页;26cm |
| 普通高等教育“十一五”国家级规划教材 研究型教学模式系列教材 |
| ISBN 978-7-121-25701-8:CNY39.90 |
| 本书是普通高等教育“十一五”国家级规划教材,分为理论和实验两部分。理论部分共7章:数据库技术的基础理论和基本概念、数据库设计的方法和步骤、MicrosoftSQLServer2008数据库管理系统的安装及使用、SQL语言、数据库安全性和完整性知识、数据库新技术和国产数据库介绍。实验部分共设计了9个实验。附录为读者进行管理信息系统的开发提供了备查资料。 |
| ● |
| 相关链接 |
|
|
|
|
正题名:数据库技术及应用
索取号:TP311.13/1018=3
 
预约/预借
| 序号 | 登录号 | 条形码 | 馆藏地/架位号 | 状态 | 备注 |
| 1 | 907792 | 209077924 | 第二样本阅览室/ [索取号:TP311.13/1018=3] | 在馆 | |
| 2 | 907793 | 209077933 | 第三借阅区/ [索取号:TP311.13/1018=3] | 在馆 | |
| 3 | 907794 | 209077942 | 第三借阅区/ [索取号:TP311.13/1018=3] | 在馆 | |
| 4 | 907795 | 209077951 | 第三借阅区/ [索取号:TP311.13/1018=3] | 在馆 | |
| 5 | 907796 | 209077960 | 密集书库—计算机科学学院/ [索取号:TP311.13/1018=3] | 在馆 |